000 00690nam a2200193 a 4500
001 000044070
005 20240412074303.0
008 090925s1874 dr 000 p spa d
040 _aDO-SdBNP
_bspa
_cBNPHU
082 _aRD861.08
_bL768q
245 0 0 _aLira de Quisqueya :
_bpoesías dominicanas /
_cescogidas y seleccionadas por José Castellanos.
260 _aSanto Domingo :
_bImprenta de García Hermanos,
_c1874.
300 _a318 p. ;
_c23 cm.
650 4 _aPoesía dominicana
_xColecciones
_9351
650 4 _aAutores dominicanos
_xSiglo xix
_923683
650 0 _aLiteratura dominicana.
_967
700 1 2 _aCastellanos, José,
_ecomp.
_923684
910 _aValidado. Control de calidad MFF
999 _c43559
_d43559